Las memorias de mama blanca /
Guardado en:
| Autor Principal: | |
|---|---|
| Formato: | Libro |
| Publicado: |
Buenos Aires :
Eudeba,
1968
|
| Edición: | 4a. ed. |
| Materias: | |
| Etiquetas: |
Agregar Etiqueta
Sin Etiquetas, Sea el primero en etiquetar este registro!
|
| LEADER | 00565nam a22002055a 4500 | ||
|---|---|---|---|
| 001 | CEM.cems004901 | ||
| 005 | 20060217000000.0 | ||
| 008 | 130507s1968##################000#0#####d | ||
| 003 | CEMS | ||
| 082 | 0 | 4 | |a V863.4 |
| 100 | 1 | |a Parra, Teresa de la | |
| 245 | 1 | 0 | |a Las memorias de mama blanca / |
| 250 | |a 4a. ed. | ||
| 260 | |a Buenos Aires : |b Eudeba, |c 1968 | ||
| 300 | |a 174 p. | ||
| 653 | |a Literatura | ||
| 653 | |a Literatura hispanoamericana | ||
| 653 | |a Novela venezolana-siglo 20 | ||
| 653 | |a Novelas | ||
| 859 | |a CEMS |b BIB. CEMS - 11 de abril |h V863.4 |i P247a4 |p 8541.80 |t Ej.1 | ||
